SKI -centrum

Enregistré dans:
Détails bibliographiques
Auteur principal: Kažimír, Tomáš (Auteur)
Autres auteurs: Pilař, Pavol (Directeur de thèse)
Format: Manuscrit Livre
Langue:slovaque
Publié: 2019
Sujets:
Accès en ligne:http://is.stuba.sk/zp/portal_zp.pl?podrobnosti=152886
https://opac.crzp.sk/?fn=detailBiblioForm&sid=F8FE310152E9D1F1EB144041F7FB
Tags: Ajouter un tag
Pas de tags, Soyez le premier à ajouter un tag!

MARC

LEADER 00000ntm a22000003a 4500
001 stuzp72590
003 SK-STU
005 20230531141336.9
007 ta
008 150427s2015----xo-----f-mn---000-0-slo-d
040 |a STU  |b slo 
041 0 |a slo 
100 1 |a Kažimír, Tomáš  |u 010310  |4 aut  |U SvF Stavebná fakulta  |T SvF Katedra architektúry  |X 6169  |U V181|V310  |Y 19  |7 6169 
242 0 1 |a SKI - center  |y eng 
245 1 0 |a SKI -centrum 
260 |c 2019 
650 4 |a Ski centrum  |2 slo 
650 4 |a Plejsy  |2 slo 
650 4 |a reštaurácia  |2 slo 
650 4 |a výhľady  |2 slo 
650 4 |a Ski center  |2 eng 
650 4 |a Plejsy  |2 eng 
650 4 |a restaurant  |2 eng 
650 4 |a views  |2 eng 
700 1 |a Pilař, Pavol  |u 010310  |k Z1  |4 ths  |U SvF Stavebná fakulta  |T SvF Katedra architektúry  |X 59136  |U V181|V310  |Y 19  |7 A000059136 
856 4 |u http://is.stuba.sk/zp/portal_zp.pl?podrobnosti=152886 
856 4 |u https://opac.crzp.sk/?fn=detailBiblioForm&sid=F8FE310152E9D1F1EB144041F7FB